| 000 | 00970nac a22003017a 4500 | ||
|---|---|---|---|
| 001 | BR7375395 | ||
| 003 | BR-BrBNA | ||
| 005 | 20250211140057.0 | ||
| 008 | 230509b bl.|||m| |||| 00| 0 por d | ||
| 040 |
_aBR-BrBNA _bpor _cBiblioteca Nacional de Agricultura |
||
| 072 | _aH00; F70 | ||
| 090 | _a2890 BR7375395 | ||
| 100 | 1 | _aCaminha Filho, A. | |
| 110 | 1 |
_aConselho Florestal Federal, Rio de Janeiro, GB (Brasil); _92642 |
|
| 110 | 1 | _aServico de Informacao Agricola, Rio de Janeiro, GB (Brasil) | |
| 245 | 1 | _aTimbos e rotenona, uma riqueza nacional inexplorada [Brasil] | |
| 250 | 1 | _a2. ed. | |
| 260 | 3 |
_aRio de Janeiro, GB (Brasil): _c1940. |
|
| 300 | _a14 p. | ||
| 490 |
_aSIA (Brazil) _vno. 161 |
||
| 650 | _aDefesa vegetal | ||
| 650 | _aTaxonomia vegetal | ||
| 650 | _aTimbo | ||
| 650 | _aInseticida | ||
| 650 | _aRotenona | ||
| 856 | _uhttps://repositorio-dspace.agricultura.gov.br/bitstream/1/5909/1/1940%20SIA%20161.pdf | ||
| 942 |
_2AGRIS _n0 _cMS |
||
| 999 |
_c265222 _d265222 |
||